000 00855nam a2200205 a 4500
008 080306s1995 ||||||||||||||||| || u
020 _a0821334921
050 _aIBRD(08)DP
100 _aGopal, Gita
245 1 0 _aProcurement and disbursement manual for projects with community participation
260 _aWashington, D. C.:
_bWorld Bank
_c1995
300 _aix, 130p.: ill.
350 _a0.00
490 _aWorld Bank Discussion Papers
650 0 _aECONOMICS
650 _aECONOMIC DEVELOPMENT PROJECTS--FINANCE--CITIZEN PARTICIPATION
650 _aECONOMIC DEVELOPMENT PROJECTS--FINANCE--HANDBOOKS, MANUALS, ETC
650 _aCOMMUNITY DEVELOPMENT--FINANCE--HANDBOOKS, MANUALS, ETC
995 _D0.00
_FCBU-MAIN LIBRARY (Kitwe)
_H1
_I0.00
_M1
_UAVAILABLE
_WMar 6, 2008
_ZInternational Publications
999 _c54865
_d54865